[Event "Tarrega Lleida op"]
[Site "Tarrega"]
[Date "2017.06.03"]
[Round "7.9"]
[White "De la Fuente Exposito, Juan Manuel"]
[Black "Sole Gonzalez, Edgar"]
[Result "1-0"]
[WhiteElo "1675"]
[BlackElo "1964"]
[PlyCount "133"]
[EventDate "2017.04.22"]
[EventType "swiss"]
[EventRounds "8"]
[EventCountry "ESP"]
[SourceTitle "EXT 2024"]
[Source "ChessBase"]
[SourceDate "2023.10.10"]
[SourceVersion "1"]
[SourceVersionDate "2023.10.10"]
[SourceQuality "1"]

1. d4 d5 2. e3 Nf6 3. h3 c5 4. c3 Nc6 5. Bd3 c4 6. Bc2 e6 7. Nf3 Be7 8. Nbd2 0-0 9. 0-0 b5 10. e4 a5 11. e5 Nd7 12. Re1 b4 13. Nf1 Re8 14. Bf4 Nf8 15. N1h2 Ng6 16. Bd2 Rb8 17. g3 bxc3 18. bxc3 Bd7 19. h4 Na7 20. a4 Rb7 21. Kg2 Nc6 22. Ng4 f5 23. exf6 Bxf6 24. Nxf6+ Qxf6 25. Bg5 Qf7 26. h5 Nge7 27. Ne5 Nxe5 28. Rxe5 Nc6 29. Re3 Rf8 30. f4 Ne7 31. Bxe7 Qxe7 32. Qf3 Qf7 33. Rae1 Rb2 34. R1e2 Re8 35. Bxh7+ Kxh7 36. Rxb2 Bxa4 37. Ra2 Qf5 38. g4 Qb1 39. Qf2 Qb5 40. g5 Bb3 41. Ra3 a4 42. g6+ Kg8 43. Qh4 Qd7 44. Kg3 Kf8 45. Re5 Qe7 46. Qxe7+ Kxe7 47. Kg4 Rh8 48. Ra1 Bc2 49. Rae1 Kd7 50. Kg5 a3 51. Rxe6 a2 52. Re7+ Kc6 53. R1e6+ Kb5 54. Rb7+ Ka5 55. Ra7+ Kb5 56. Rxa2 Bd1 57. Rb2+ Ka5 58. Rh2 Ka4 59. h6 Kb3 60. Re3 Bc2 61. f5 Bd3 62. Reh3 Bf1 63. Rh4 gxh6+ 64. Rxh6 Re8 65. g7 Re3 66. Kf6 Rg3 67. Rg6 1-0

[Event "Tarrega Lleida op"]
[Site "Tarrega"]
[Date "2017.05.27"]
[Round "6.10"]
[White "Subarroca Blanch, Francesco"]
[Black "De la Fuente Exposito, Juan Manuel"]
[Result "1/2-1/2"]
[WhiteElo "1744"]
[BlackElo "1675"]
[PlyCount "124"]
[EventDate "2017.04.22"]
[EventType "swiss"]
[EventRounds "8"]
[EventCountry "ESP"]
[SourceTitle "EXT 2024"]
[Source "ChessBase"]
[SourceDate "2023.10.10"]
[SourceVersion "1"]
[SourceVersionDate "2023.10.10"]
[SourceQuality "1"]

1. e4 g6 2. d4 Bg7 3. Nf3 d6 4. Bc4 e6 5. 0-0 Ne7 6. c3 c6 7. a4 Nd7 8. Bg5 0-0 9. Qd2 d5 10. exd5 cxd5 11. Bb3 Nf6 12. Bc2 Ne4 13. Bxe4 dxe4 14. Bxe7 Qxe7 15. Ne5 f6 16. Nc4 b6 17. Nba3 Bb7 18. b4 Qd7 19. a5 b5 20. Ne3 a6 21. Rac1 f5 22. Rfd1 f4 23. Nf1 Rf5 24. c4 Raf8 25. cxb5 axb5 26. Rc5 e3 27. Qe2 e5 28. dxe5 Qe7 29. f3 Bxe5 30. Nxb5 Ba6 31. Rdd5 Bd6 32. Rxf5 Rxf5 33. Qc4+ Kg7 34. Rxf5 gxf5 35. Qd4+ Be5 36. Qa7 Qxa7 37. Nxa7 Kf6 38. b5 Bd4 39. Nxe3 Bxe3+ 40. Kf1 Bxa7 41. bxa6 Ke5 42. Ke2 Kd4 43. h3 Kc4 44. h4 h5 45. Kd2 Kb5 46. Kd3 Kxa5 47. Kc4 Kxa6 48. Kd5 Bf2 49. Ke5 Bg3 50. Kxf5 Kb5 51. Kg5 Kc4 52. Kxh5 Kd3 53. Kg4 Ke3 54. h5 Be1 55. h6 Bd2 56. h7 Bc3 57. g3 fxg3 58. Kxg3 Bh8 59. Kg4 Kd4 60. f4 Ke4 61. Kg5 Bg7 62. Kg6 Bh8 1/2-1/2

[Event "Tarrega Lleida op"]
[Site "Tarrega"]
[Date "2017.04.29"]
[Round "2.7"]
[White "Rodon Balcells, Jaume"]
[Black "De la Fuente Exposito, Juan Manuel"]
[Result "1-0"]
[WhiteElo "1832"]
[BlackElo "1675"]
[PlyCount "83"]
[EventDate "2017.04.22"]
[EventType "swiss"]
[EventRounds "8"]
[EventCountry "ESP"]
[SourceTitle "EXT 2024"]
[Source "ChessBase"]
[SourceDate "2023.10.10"]
[SourceVersion "1"]
[SourceVersionDate "2023.10.10"]
[SourceQuality "1"]

1. e4 g6 2. d4 Bg7 3. Be3 d6 4. Bc4 Nf6 5. Nc3 0-0 6. Qd2 Nbd7 7. 0-0-0 a6 8. e5 dxe5 9. dxe5 Ng4 10. e6 Nge5 11. Bb3 fxe6 12. Bxe6+ Kh8 13. f4 Rf6 14. Qd5 Nc6 15. Ne4 Nb4 16. Qb3 Rxe6 17. Qxe6 Qe8 18. Qb3 a5 19. Ng5 Bf6 20. N1f3 Nf8 21. h4 Kg7 22. Nd4 Ra6 23. f5 gxf5 24. h5 h6 25. Ngf3 c5 26. Ne2 Be6 27. c4 a4 28. Qa3 Bxc4 29. Nc3 Ne6 30. Bxc5 Nd3+ 31. Rxd3 Bxd3 32. Bb4 Qc6 33. Bxe7 Qc7 34. Bxf6+ Kxf6 35. Rd1 Qf4+ 36. Rd2 Rc6 37. Ne1 Rd6 38. Qxa4 Qf1 39. Rd1 Rc6 40. Nxd3 Qxg2 41. Qh4+ Ng5 42. Qd4+ 1-0